Historia ilustrada de la Guerra de 1914 / (Record no. 78161)

MARC details
000 -LEADER
campo de control de longitud fija 00785nam a2200205 i 4500
001 - NÚMERO DE CONTROL
campo de control 78161
003 - IDENTIFICADOR DE NÚMERO DE CONTROL
campo de control ES-MaACL
005 - FECHA Y HORA DE LA ÚLTIMA TRANSACCIÓN
campo de control 20231228195827.0
007 - CAMPO FIJO DE DESCRIPCIÓN FÍSICA--INFORMACIÓN GENERAL
campo de control de longitud fija t|
008 - DATOS DE LONGITUD FIJA--INFORMACIÓN GENERAL
campo de control de longitud fija 041011s1915 sp ||||1| spa d
100 1# - ENTRADA PRINCIPAL--NOMBRE DE PERSONA
Nombre de persona Hanotaux, Gabriel.
9 (RLIN) 61744
245 10 - MENCIÓN DEL TÍTULO
Título Historia ilustrada de la Guerra de 1914 /
Mención de responsabilidad, etc. Gabriel Hanotaux ; traducción de Luis Ruiz Contreras ; prólogo de Miguel de Unamuno.
260 ## - PUBLICACIÓN, DISTRIBUCIÓN, ETC.
Lugar de publicación, distribución, etc. Madrid :
Nombre del editor, distribuidor, etc. Sociedad General Española de Librería, Diarios, Revistas y Publicaciones,
Fecha de publicación, distribución, etc. 1915 (
Fabricante Julián Palacios)
300 ## - DESCRIPCIÓN FÍSICA
Extensión 2 t. en 1 v. :
Otras características físicas il. ;
Dimensiones 33 cm.
650 #4 - PUNTO DE ACCESO ADICIONAL DE MATERIA--TÉRMINO DE MATERIA
Término de materia o nombre geográfico como elemento de entrada Guerra mundial, 1914-1918.
9 (RLIN) 13212
700 1# - ENTRADA AGREGADA--NOMBRE PERSONAL
Nombre de persona Ruiz Contreras, Luis,
Fechas asociadas al nombre 1863-1953
9 (RLIN) 100711
700 1# - ENTRADA AGREGADA--NOMBRE PERSONAL
Nombre de persona Unamuno, Miguel de,
Fechas asociadas al nombre 1864-1936
9 (RLIN) 111982
852 ## - LOCALIZACIÓN
Ubicación ES-MaACL
Número de control de estantería E-8777
Holdings
Estatus retirado Estado de pérdida Estado de daño No para préstamo Biblioteca de origen Biblioteca actual Ubicación en estantería Fecha de adquisición Fuente de adquisición Total de préstamos Signatura topográfica completa Código de barras Visto por última vez Precio de reemplazo Tipo de ítem Koha
        Biblioteca del Ateneo de Madrid Biblioteca del Ateneo de Madrid Depósito 2 17/01/2008     E-8777 1081764 23/02/2023 23/02/2023 Libro impreso